| 000 | 00691nam a22002297a 4500 | ||
|---|---|---|---|
| 999 |
_c9522 _d9522 |
||
| 003 | AR-CdUCM | ||
| 008 | 190328b ||||| |||| 00| 0 spa d | ||
| 040 |
_aMUNICIPALIDAD PROVINCIAL DEL CUSCO _cBIBLIOTECA MUNICIPAL DEL CUSCO |
||
| 082 |
_a617.6 / _bW96 |
||
| 100 |
_aWullstein, Horst L. _925783 |
||
| 245 | _aFundamentos y mĂ©todos de la CofocirugĂa / | ||
| 260 |
_aBarcelona : _bToray, _c1971. |
||
| 300 |
_a487 paginas ; _c25 cm. |
||
| 505 | _aContenido: Indice alfabetica | ||
| 650 |
_aOido Medio _925784 |
||
| 650 |
_aCirugia _918641 |
||
| 650 |
_aCofocirugia _925785 |
||
| 650 |
_aMetodos _920839 |
||
| 700 |
_aBartul Pastor, Juan _925786 |
||
| 942 |
_2ddc _cLIBROS |
||
| 945 | _apjha | ||